000 01198cam a2200361 a 4500
003 CHAP
005 20220817043759.0
007 z
008 010620d2000 mx 10 spa d
010 _a84247
011 _a85219
020 _a9250045298
035 _a95750
040 _cCHAP
090 _aCD-89
110 2 _aFAO
245 0 _aUNASYLVA 1947-2000 (disco compacto) :
_brevista internacional de silvicultura e industrias forestales
_c/por FAO
260 _aRome :
_bFAO,
_c2000.
300 _a1 disco compacto 5 1/4 plgs.
590 _aBATCH-UPD
_b10
_c20130110
_lUCH01
_h0455
590 _aBATCH-UPD
_b10
_c20130410
_lUCH01
_h0132
590 _aBATCH-UPD
_b10
_c20130410
_lUCH01
_h1610
590 _aBATCH-UPD
_b10
_c20130914
_lUCH01
_h1637
590 _aCONVERSION
_b10
_c20130109
_lUCH01
_h1347
650 1 4 _aIndustrias forestales
_xPublicaciones periódicas.
_957998
650 1 4 _aSilvicultura
_xPublicaciones periódicas.
_9106124
901 _aBK
905 _aLilia Sánchez G.
942 _cCD
949 _aCD-89
_bBC
_cCD
_d33724000837266
_eCD
_i95750
_sb
949 _aCD-89
_bBC
_cCD
_d33724000837324
_eCD
_fc.2
_i95750
_sb
949 _aCD-89
_bBC
_cCD
_d33724000854980
_eCD
_fc.3
_i95750
_st
999 _c84247
_d84247